[Event "CAN-op"]
[Site "Victoria CAN"]
[Date "2012.07.10"]
[Round "6"]
[White "Chan, James"]
[Black "MacKinnon, Keith"]
[Result "1/2-1/2"]
[WhiteElo "2051"]
[BlackElo "2183"]
[PlyCount "77"]
[GameId "2160767909508217"]
[EventDate "2012.07.08"]
[EventType "swiss"]
[EventRounds "9"]
[EventCountry "CAN"]
[SourceTitle "CBM 149 Extra"]
[Source "ChessBase"]
[SourceDate "2012.08.24"]
[SourceVersion "1"]
[SourceVersionDate "2012.08.24"]
[SourceQuality "1"]

1. e4 c5 2. Nf3 e6 3. d4 cxd4 4. Nxd4 a6 5. Bd3 Nf6 6. Qe2 Qc7 7. c4 Nc6 8. Be3 Ne5 9. h3 Bc5 10. Nc2 O-O 11. O-O b6 12. Nc3 Bb7 13. Rac1 Rac8 14. Rfe1 Rfd8 15. Bg5 Be7 16. Ne3 Nxd3 17. Qxd3 h6 18. Bh4 d6 19. b3 Bc6 20. Qb1 Qb7 21. Bxf6 Bxf6 22. f3 b5 23. Kh1 Be5 24. Ne2 h5 25. Qd3 g6 26. Nd4 Bd7 27. Ne2 Bc6 28. Nd4 Be8 29. Ne2 Bg7 30. Nd4 Qb6 31. Red1 Rc7 32. Ne2 Bh6 33. f4 Rdc8 34. Qd4 Qb7 35. f5 Qa7 36. Rc3 Qxd4 37. Nxd4 bxc4 38. fxe6 fxe6 39. Nxe6 1/2-1/2

[Event "CAN-op"]
[Site "Victoria CAN"]
[Date "2012.07.10"]
[Round "6"]
[White "Chen, Howard"]
[Black "Currie, James"]
[Result "1-0"]
[WhiteElo "2223"]
[BlackElo "1954"]
[PlyCount "23"]
[GameId "2160767909508218"]
[EventDate "2012.07.08"]
[EventType "swiss"]
[EventRounds "9"]
[EventCountry "CAN"]

1. d4 c5 2. d5 Nf6 3. Nc3 Qa5 4. Bd2 b5 5. a3 Qb6 6. e4 b4 7. axb4 cxb4 8. Na4 Qd4 9. f3 Nxe4 10. fxe4 Qxe4+ 11. Qe2 Qxc2 12. Rc1 1-0

[Event "CAN-op"]
[Site "Victoria CAN"]
[Date "2012.07.10"]
[Round "6"]
[White "Chernik, Dmitry"]
[Black "Kazmaier, Daniel"]
[Result "0-1"]
[WhiteElo "1971"]
[BlackElo "2198"]
[PlyCount "78"]
[GameId "2160767909508219"]
[EventDate "2012.07.08"]
[EventType "swiss"]
[EventRounds "9"]
[EventCountry "CAN"]
[SourceTitle "EXT 2014"]
[Source "ChessBase"]
[SourceDate "2013.11.20"]
[SourceVersion "1"]
[SourceVersionDate "2013.11.20"]
[SourceQuality "1"]

1. e4 e6 2. Qe2 c5 3. f4 Nc6 4. Nf3 Nf6 5. d3 d5 6. e5 Nd7 7. g3 b5 8. Bg2 Nd4 9. Nxd4 cxd4 10. O-O Qc7 11. f5 Qxe5 12. Qxe5 Nxe5 13. Re1 Bd6 14. Bf4 f6 15. Bxe5 Bxe5 16. c4 bxc4 17. dxc4 Rb8 18. b3 d3 19. Rxe5 fxe5 20. cxd5 exd5 21. Bxd5 Bxf5 22. Nd2 Ke7 23. Kf2 Rhd8 24. Bc4 Rd4 25. Ke3 Rbd8 26. Rc1 Kf6 27. Rf1 Rg4 28. Rf3 e4 29. Rf1 h5 30. Bb5 h4 31. Bc6 Ke5 32. Nc4+ Ke6 33. Nd2 hxg3 34. h3 g2 35. hxg4 gxf1=Q 36. Nxf1 Bxg4 37. Bxe4 Bf5 38. Bb7 Rh8 39. b4 Rb8 0-1

[Event "CAN-op"]
[Site "Victoria CAN"]
[Date "2012.07.10"]
[Round "6"]
[White "Doubleday, William"]
[Black "Piasetski, Leon"]
[Result "0-1"]
[WhiteElo "2064"]
[BlackElo "2290"]
[PlyCount "96"]
[GameId "2160767909508220"]
[EventDate "2012.07.08"]
[EventType "swiss"]
[EventRounds "9"]
[EventCountry "CAN"]
[SourceTitle "CBM 149 Extra"]
[Source "ChessBase"]
[SourceDate "2012.08.24"]
[SourceVersion "1"]
[SourceVersionDate "2012.08.24"]
[SourceQuality "1"]

1. d4 d5 2. c4 e6 3. Nc3 c6 4. e3 Nf6 5. Nf3 Nbd7 6. Bd3 Bd6 7. O-O O-O 8. e4 dxc4 9. Bxc4 e5 10. Bg5 Qe7 11. Re1 Nb6 12. dxe5 Bxe5 13. Nxe5 Qxe5 14. Bxf6 Qxf6 15. Bb3 Rd8 16. Qe2 Be6 17. Bxe6 Qxe6 18. Rad1 f6 19. Rxd8+ Rxd8 20. Rd1 Rd6 21. Rxd6 Qxd6 22. Qd1 Qxd1+ 23. Nxd1 Kf7 24. f4 g5 25. g3 gxf4 26. gxf4 f5 27. exf5 Nd5 28. Kf2 Kf6 29. Kf3 Kxf5 30. Ne3+ Nxe3 31. Kxe3 c5 32. a4 h5 33. a5 h4 34. h3 b5 35. a6 c4 36. Kf3 b4 37. Ke3 c3 38. bxc3 bxc3 39. Kd3 Kxf4 40. Kxc3 Kg3 41. Kd4 Kxh3 42. Kc5 Kg4 43. Kc6 h3 44. Kb7 h2 45. Kxa7 h1=Q 46. Kb8 Qh8+ 47. Kb7 Qg7+ 48. Ka8 Qc7 0-1

[Event "CAN-op"]
[Site "Victoria CAN"]
[Date "2012.07.10"]
[Round "6"]
[White "Finlay, Ian"]
[Black "Babb, Jeff"]
[Result "0-1"]
[WhiteElo "1792"]
[BlackElo "2144"]
[PlyCount "84"]
[GameId "2160767909508221"]
[EventDate "2012.07.08"]
[EventType "swiss"]
[EventRounds "9"]
[EventCountry "CAN"]
[SourceTitle "EXT 2014"]
[Source "ChessBase"]
[SourceDate "2013.11.20"]
[SourceVersion "1"]
[SourceVersionDate "2013.11.20"]
[SourceQuality "1"]

1. e4 e5 2. Nf3 Nc6 3. d4 exd4 4. Nxd4 Nf6 5. Nc3 Bb4 6. Nxc6 bxc6 7. Bd3 O-O 8. O-O Re8 9. Qf3 h6 10. Bf4 Bxc3 11. bxc3 d6 12. Rfe1 Be6 13. e5 Nd5 14. Bd2 dxe5 15. Rxe5 Qf6 16. Qe4 Ne7 17. Qh7+ Kf8 18. Qh8+ Ng8 19. Rae1 Ke7 20. Rf5 Qg6 21. Rf4 Nf6 22. Qxe8+ Rxe8 23. Bxg6 fxg6 24. c4 Kf7 25. Be3 Rb8 26. Bd4 g5 27. Rf3 Bxc4 28. a3 a6 29. Bc5 Kg6 30. h3 Rb2 31. c3 Bd5 32. Rfe3 Rc2 33. R1e2 Rc1+ 34. Re1 Rc2 35. R1e2 Rc1+ 36. Kh2 a5 37. Rb2 a4 38. Rb7 Ne4 39. Bd4 c5 40. Be5 Bxb7 41. f3 Nd2 42. Rd3 Rd1 0-1

[Event "CAN-op"]
[Site "Victoria CAN"]
[Date "2012.07.10"]
[Round "6"]
[White "Hansen, Eric"]
[Black "Perelshteyn, Eugene"]
[Result "1-0"]
[WhiteElo "2460"]
[BlackElo "2525"]
[PlyCount "101"]
[GameId "2160767909508222"]
[EventDate "2012.07.08"]
[EventType "swiss"]
[EventRounds "9"]
[EventCountry "CAN"]
[SourceTitle "CBM 149 Extra"]
[Source "ChessBase"]
[SourceDate "2012.08.24"]
[SourceVersion "1"]
[SourceVersionDate "2012.08.24"]
[SourceQuality "1"]

1. c4 Nf6 2. Nc3 g6 3. d4 Bg7 4. Nf3 d6 5. e4 O-O 6. Be2 Na6 7. O-O e5 8. Be3 Ng4 9. Bg5 f6 10. Bh4 Nh6 11. Qd2 Nf7 12. Rad1 g5 13. Bg3 g4 14. Ne1 Bh6 15. Qc2 Nb4 16. Qb3 Nc6 17. Nc2 f5 18. exf5 Bxf5 19. dxe5 Bxc2 20. Qxc2 Ncxe5 21. c5 Bg7 22. cxd6 cxd6 23. Nd5 Kh8 24. Qb3 Qd7 25. Ne3 Rac8 26. Rd5 Rc5 27. Rfd1 Rxd5 28. Qxd5 Rc8 29. Qe4 Qc6 30. Qf5 Rf8 31. Qb1 Qd7 32. Qe4 Qc6 33. Qb4 h5 34. Nf5 Qc2 35. Nd4 Qe4 36. Bf1 Bf6 37. Re1 Qd5 38. Nf5 Rc8 39. Ne3 Qxa2 40. Qxb7 Rf8 41. Rd1 Qe6 42. Ra1 h4 43. Bxe5 Bxe5 44. Bc4 Qg6 45. Qe7 Kg7 46. Rxa7 g3 47. Qxh4 gxh2+ 48. Kh1 d5 49. Bf1 Bxb2 50. Qh3 Bf6 51. Bd3 1-0

[Event "CAN-op"]
[Site "Victoria CAN"]
[Date "2012.07.10"]
[Round "6"]
[White "Itkin, David"]
[Black "Ozkan, Charlie"]
[Result "0-1"]
[WhiteElo "2055"]
[BlackElo "1967"]
[PlyCount "100"]
[GameId "2160767909508223"]
[EventDate "2012.07.08"]
[EventType "swiss"]
[EventRounds "9"]
[EventCountry "CAN"]
[SourceTitle "CBM 149 Extra"]
[Source "ChessBase"]
[SourceDate "2012.08.24"]
[SourceVersion "1"]
[SourceVersionDate "2012.08.24"]
[SourceQuality "1"]

1. e4 c5 2. Nf3 e6 3. Nc3 Nc6 4. d4 cxd4 5. Nxd4 Qc7 6. Be2 a6 7. O-O Nf6 8. Kh1 Be7 9. a4 O-O 10. f4 d6 11. Be3 Bd7 12. Nb3 Na5 13. e5 Ne8 14. Bd4 Rc8 15. Bd3 f5 16. exf6 Bxf6 17. Qh5 g6 18. Bxg6 hxg6 19. Qxg6+ Bg7 20. f5 e5 21. Nd5 Rf6 22. Nxc7 Rxg6 23. fxg6 Nxb3 24. cxb3 Rxc7 25. Bb6 Rc2 26. Rf2 Rxf2 27. Bxf2 Bc6 28. b4 Bf6 29. h4 Kg7 30. Kh2 Kxg6 31. g4 d5 32. h5+ Kg7 33. Be3 d4 34. g5 Be7 35. Bd2 e4 36. Bf4 Bd6 37. Kg3 e3 38. b5 axb5 39. axb5 Bxb5 40. h6+ Kh7 41. Rh1 Bd3 42. Rc1 e2 43. Kf3 Bxf4 44. Kxf4 Bc2 45. Rh1 Nd6 46. Ke5 Nf7+ 47. Kxd4 Nxg5 48. Kc3 Bd1 49. Kd2 Nf3+ 50. Kc1 Bb3 0-1

[Event "CAN-op"]
[Site "Victoria CAN"]
[Date "2012.07.10"]
[Round "6"]
[White "Jiganchine, Roman"]
[Black "Plotkin, Mark"]
[Result "1-0"]
[WhiteElo "2230"]
[BlackElo "1877"]
[PlyCount "53"]
[GameId "2160767909508224"]
[EventDate "2012.07.08"]
[EventType "swiss"]
[EventRounds "9"]
[EventCountry "CAN"]
[SourceTitle "CBM 149 Extra"]
[Source "ChessBase"]
[SourceDate "2012.08.24"]
[SourceVersion "1"]
[SourceVersionDate "2012.08.24"]
[SourceQuality "1"]

1. e4 c5 2. Nf3 d6 3. d4 cxd4 4. Nxd4 Nf6 5. Nc3 g6 6. Be3 Bg7 7. f3 Nc6 8. Qd2 O-O 9. g4 Nxd4 10. Bxd4 Be6 11. Nd5 Nxd5 12. Bxg7 Kxg7 13. exd5 Bd7 14. O-O-O Qb6 15. h4 h6 16. Bh3 Rad8 17. f4 f5 18. gxf5 Bxf5 19. Rde1 Bxh3 20. Qc3+ Kf7 21. Qxh3 Qc7 22. h5 Kg7 23. hxg6 Rh8 24. Qh4 Rde8 25. f5 e5 26. f6+ Kxg6 27. Rhg1+ 1-0

[Event "CAN-op"]
[Site "Victoria CAN"]
[Date "2012.07.10"]
[Round "6"]
[White "Kenney, David"]
[Black "Trochtchanovitch, Pavel"]
[Result "1-0"]
[WhiteElo "1978"]
[BlackElo "2014"]
[PlyCount "75"]
[GameId "2160767909508225"]
[EventDate "2012.07.08"]
[EventType "swiss"]
[EventRounds "9"]
[EventCountry "CAN"]

1. c4 e6 2. Nf3 b6 3. g3 Bb7 4. Bg2 f5 5. d4 Nf6 6. O-O Bd6 7. Nc3 O-O 8. e3 Nc6 9. b3 Ne7 10. Bb2 a6 11. Rc1 Rc8 12. Qe2 Ng6 13. Rcd1 Be4 14. Nxe4 Nxe4 15. Nd2 Nf6 16. f4 c6 17. e4 fxe4 18. Nxe4 Nxe4 19. Bxe4 b5 20. c5 Be7 21. Qh5 Qe8 22. Rde1 Rf6 23. Qe2 Qf8 24. b4 Rf7 25. Qd3 Qd8 26. Re2 Nf8 27. Ref2 Bf6 28. f5 Qe7 29. fxe6 dxe6 30. g4 h6 31. h4 Rd8 32. g5 hxg5 33. hxg5 Bxd4 34. Bxd4 Rxf2 35. Rxf2 e5 36. Qb3+ Ne6 37. Be3 Qe8 38. Bf5 1-0

[Event "CAN-op"]
[Site "Victoria CAN"]
[Date "2012.07.10"]
[Round "6"]
[White "Lessler, Peter"]
[Black "Raymer, Elliot"]
[Result "1-0"]
[WhiteElo "2217"]
[BlackElo "1818"]
[PlyCount "53"]
[GameId "2160767909508226"]
[EventDate "2012.07.08"]
[EventType "swiss"]
[EventRounds "9"]
[EventCountry "CAN"]

1. c4 Nf6 2. Nc3 d5 3. d4 e6 4. cxd5 exd5 5. Bg5 Be7 6. e3 O-O 7. Bd3 b6 8. Bxf6 Bxf6 9. Qh5 h6 10. Qxd5 Qxd5 11. Nxd5 Bb7 12. Nxf6+ gxf6 13. Ne2 Re8 14. Rc1 c6 15. Ng3 Rd8 16. Be4 Re8 17. f3 Re6 18. Kf2 Nd7 19. Nf5 h5 20. g4 hxg4 21. Rhg1 Nf8 22. Rxg4+ Ng6 23. Nh4 Rb8 24. Nxg6 fxg6 25. Rxg6+ Kf7 26. Rcg1 Ke7 27. Bf5 1-0

[Event "CAN-op"]
[Site "Victoria CAN"]
[Date "2012.07.10"]
[Round "6"]
[White "Lindholdt, Malik"]
[Black "Herdin, Matthew"]
[Result "1-0"]
[WhiteElo "1992"]
[BlackElo "1923"]
[PlyCount "87"]
[GameId "2160767909508227"]
[EventDate "2012.07.08"]
[EventType "swiss"]
[EventRounds "9"]
[EventCountry "CAN"]

1. e4 d6 2. d4 Nf6 3. f3 c5 4. Ne2 g6 5. Be3 b6 6. Nbc3 Nbd7 7. Qd2 Bb7 8. O-O-O h5 9. Kb1 a6 10. Rg1 Bg7 11. h3 Rc8 12. g4 b5 13. gxh5 Nxh5 14. Ng3 b4 15. Nxh5 Rxh5 16. Ne2 c4 17. c3 bxc3 18. Nxc3 Nb6 19. f4 Ra5 20. Bg2 d5 21. f5 Na4 22. fxg6 fxg6 23. exd5 Nxc3+ 24. bxc3 Bxd5 25. Ka1 Rc6 26. Rde1 Bxg2 27. Rxg2 Qd5 28. Reg1 Qf7 29. Qc2 Rf5 30. Rf2 Rcf6 31. Rxf5 Rxf5 32. Qa4+ Kf8 33. Qxa6 Rf1+ 34. Kb2 Rxg1 35. Qc8+ Qe8 36. Qxe8+ Kxe8 37. Bxg1 Kd7 38. Ka3 Kc6 39. Kb4 Kd5 40. a4 e5 41. dxe5 Bxe5 42. a5 Kc6 43. a6 Bc7 44. Kxc4 1-0

[Event "CAN-op"]
[Site "Victoria CAN"]
[Date "2012.07.10"]
[Round "6"]
[White "Longo, Tyler"]
[Black "Sohal, Tanraj"]
[Result "1/2-1/2"]
[WhiteElo "1909"]
[BlackElo "2102"]
[PlyCount "113"]
[GameId "2160767909508228"]
[EventDate "2012.07.08"]
[EventType "swiss"]
[EventRounds "9"]
[EventCountry "CAN"]
[SourceTitle "CBM 149 Extra"]
[Source "ChessBase"]
[SourceDate "2012.08.24"]
[SourceVersion "1"]
[SourceVersionDate "2012.08.24"]
[SourceQuality "1"]

1. d4 d5 2. Nf3 e6 3. e3 Nf6 4. Bd3 c5 5. b3 Be7 6. Nbd2 O-O 7. Bb2 b6 8. O-O Bb7 9. Ne5 Nbd7 10. f4 Ne4 11. Nxe4 dxe4 12. Bc4 Nf6 13. f5 exf5 14. Rxf5 cxd4 15. Bxd4 Bc5 16. Bxc5 bxc5 17. Qe2 Qe7 18. Raf1 Bc8 19. Rg5 Kh8 20. Nxf7+ Rxf7 21. Bxf7 Qxf7 22. Rxc5 Be6 23. Re5 Bg4 24. Qa6 Qc7 25. Rg5 Qc3 26. Rxg7 Kxg7 27. Qb7+ Kg6 28. Qxa8 Be2 29. Rxf6+ Qxf6 30. Qxe4+ Qf5 31. Qxf5+ Kxf5 32. Kf2 Bd1 33. c4 Ke4 34. Ke1 Bg4 35. Kd2 Bd7 36. a4 Bc6 37. a5 a6 38. Ke2 Be8 39. Kd2 Bf7 40. Ke2 Be6 41. Kd2 Bf7 42. Ke2 Be8 43. Kd2 Bh5 44. g3 Bf7 45. Ke2 Be6 46. Kd2 h5 47. Ke2 Bd7 48. Kd2 Bg4 49. b4 Bd7 50. b5 axb5 51. cxb5 Bxb5 52. h3 Kf3 53. g4 hxg4 54. hxg4 Kxg4 55. Kc3 Kf5 56. Kd4 Ke6 57. e4 1/2-1/2

[Event "CAN-op"]
[Site "Victoria CAN"]
[Date "2012.07.10"]
[Round "6"]
[White "McLaren, Brian"]
[Black "Barron, Michael"]
[Result "1/2-1/2"]
[WhiteElo "2154"]
[BlackElo "2173"]
[PlyCount "112"]
[GameId "2160767909508229"]
[EventDate "2012.07.08"]
[EventType "swiss"]
[EventRounds "9"]
[EventCountry "CAN"]
[SourceTitle "CBM 149 Extra"]
[Source "ChessBase"]
[SourceDate "2012.08.24"]
[SourceVersion "1"]
[SourceVersionDate "2012.08.24"]
[SourceQuality "1"]

1. e4 e5 2. Nf3 Nc6 3. Bb5 a6 4. Ba4 Nf6 5. O-O Be7 6. Qe2 b5 7. Bb3 d6 8. c3 Na5 9. Bc2 c5 10. d4 Qc7 11. h3 O-O 12. d5 Bd7 13. Nbd2 g6 14. b3 Nh5 15. Kh2 Nf4 16. Qe1 c4 17. b4 Nb7 18. a4 a5 19. axb5 Bxb5 20. bxa5 Nc5 21. Ba3 Ncd3 22. Qe3 Rxa5 23. g3 Rfa8 24. gxf4 exf4 25. Qd4 Rxa3 26. Rxa3 Rxa3 27. Bxd3 cxd3 28. c4 Bd7 29. Rb1 Bf8 30. Rb3 Rxb3 31. Nxb3 Ba4 32. Nfd2 Bg7 33. Qxd3 Qb6 34. Kg2 Qb4 35. Nd4 Qb2 36. N2f3 Bf6 37. Nb5 Qb4 38. Nfd4 Qc5 39. Kf3 Bxb5 40. Nxb5 g5 41. Qa3 Qxa3+ 42. Nxa3 h5 43. Nb5 Be5 44. Na7 Kf8 45. Nc6 Bf6 46. Nb4 Ke7 47. Nd3 Bd4 48. Ke2 Kd7 49. f3 Kc7 50. Nb4 Kb6 51. Nc6 Bf6 52. Nb8 Bg7 53. Nc6 Bf6 54. Nb8 Bd4 55. Nc6 Bf6 56. Nb8 Kc7 1/2-1/2

[Event "CAN-op"]
[Site "Victoria CAN"]
[Date "2012.07.10"]
[Round "6"]
[White "Mikhalevski, Victor"]
[Black "Wang, Richard"]
[Result "1-0"]
[WhiteElo "2526"]
[BlackElo "2322"]
[PlyCount "97"]
[GameId "2160767909508230"]
[EventDate "2012.07.08"]
[EventType "swiss"]
[EventRounds "9"]
[EventCountry "CAN"]
[SourceTitle "CBM 149 Extra"]
[Source "ChessBase"]
[SourceDate "2012.08.24"]
[SourceVersion "1"]
[SourceVersionDate "2012.08.24"]
[SourceQuality "1"]

1. c4 c5 2. g3 Nc6 3. Bg2 g6 4. Nc3 Bg7 5. Nf3 e5 6. O-O Nge7 7. a3 O-O 8. Rb1 a5 9. Ne1 d6 10. Nc2 Be6 11. Ne3 Qd7 12. Ned5 Rab8 13. d3 Bh3 14. Bxh3 Qxh3 15. Nxe7+ Nxe7 16. b4 axb4 17. axb4 b6 18. Bg5 f6 19. Bd2 Qe6 20. Qa4 h6 21. bxc5 bxc5 22. Rxb8 Rxb8 23. Qa7 Rd8 24. Rb1 Rd7 25. Qb8+ Kh7 26. Qe8 Ra7 27. Nb5 Rb7 28. Ra1 d5 29. Be3 d4 30. Bd2 f5 31. Ra8 e4 32. Kf1 g5 33. f4 e3 34. Be1 Rd7 35. Rc8 Rb7 36. Rd8 Qg6 37. Qxg6+ Kxg6 38. Ba5 gxf4 39. gxf4 Bf6 40. Bc7 Kg7 41. Rd7 Kg6 42. Rd6 Kg7 43. Kg2 h5 44. Ra6 Nc8 45. Rc6 Na7 46. Rxc5 Nxb5 47. cxb5 Be7 48. Be5+ Kf7 49. Rc7 1-0

[Event "CAN-op"]
[Site "Victoria CAN"]
[Date "2012.07.10"]
[Round "6"]
[White "Pechisker, Alfred"]
[Black "Cheng, Jack"]
[Result "1/2-1/2"]
[WhiteElo "2197"]
[BlackElo "1987"]
[PlyCount "127"]
[GameId "2160767909508232"]
[EventDate "2012.07.08"]
[EventType "swiss"]
[EventRounds "9"]
[EventCountry "CAN"]
[SourceTitle "CBM 149 Extra"]
[Source "ChessBase"]
[SourceDate "2012.08.24"]
[SourceVersion "1"]
[SourceVersionDate "2012.08.24"]
[SourceQuality "1"]

1. d4 Nf6 2. c4 g6 3. Nc3 Bg7 4. e4 d6 5. f3 O-O 6. Bg5 Nc6 7. Nge2 a6 8. Qd2 Rb8 9. d5 Ne5 10. Nd4 c5 11. Nc2 Qa5 12. a4 Qd8 13. Be2 Ne8 14. Ne3 f6 15. Bh4 Bd7 16. f4 Nf7 17. O-O Nc7 18. a5 b5 19. axb6 Rxb6 20. Rfb1 Qb8 21. Ra3 Re8 22. Bf2 Nh6 23. g4 Qc8 24. h3 f5 25. exf5 gxf5 26. g5 Nf7 27. Bd3 Rf8 28. Qc2 Nd8 29. Rb3 Rxb3 30. Qxb3 e5 31. dxe6 Bxe6 32. Ncd5 Nc6 33. Qb6 Bxd5 34. cxd5 Nb4 35. Bc4 Qd7 36. b3 Re8 37. Qb7 Bd4 38. Ng2 Qg7 39. Rd1 Bxf2+ 40. Kxf2 Qb2+ 41. Kg1 Qg7 42. Qb6 Qd7 43. Rd2 Nb5 44. Qa5 Qb7 45. Qa1 Nd4 46. Kf2 Qe7 47. Qd1 Qe4 48. Qh5 Re7 49. h4 a5 50. Qd1 Nbc2 51. Bd3 Ne3 52. Bxe4 Nxd1+ 53. Rxd1 Rxe4 54. Rd3 Re2+ 55. Kf1 Rb2 56. Ne3 Rxb3 57. Rxb3 Nxb3 58. Nc4 a4 59. Ke2 Nd4+ 60. Kd3 Nb5 61. Ne3 Nd4 62. Nc4 Nb5 63. Ne3 Nd4 64. Nc4 1/2-1/2

[Event "CAN-op"]
[Site "Victoria CAN"]
[Date "2012.07.10"]
[Round "6"]
[White "Plotkin, Victor"]
[Black "Davies, Lucas"]
[Result "1/2-1/2"]
[WhiteElo "2249"]
[BlackElo "2174"]
[PlyCount "70"]
[GameId "2160767909508233"]
[EventDate "2012.07.08"]
[EventType "swiss"]
[EventRounds "9"]
[EventCountry "CAN"]
[SourceTitle "EXT 2014"]
[Source "ChessBase"]
[SourceDate "2013.11.20"]
[SourceVersion "1"]
[SourceVersionDate "2013.11.20"]
[SourceQuality "1"]

1. e4 c6 2. d4 d5 3. exd5 cxd5 4. Nf3 Nf6 5. c4 e6 6. Nc3 Bb4 7. Qb3 Nc6 8. Be3 O-O 9. Be2 dxc4 10. Qxc4 Nd5 11. O-O Nxe3 12. fxe3 Be7 13. Rac1 Nb4 14. Ne5 Nd5 15. Qd3 Bg5 16. Rf3 f6 17. Nc4 b6 18. Rh3 f5 19. Nxd5 exd5 20. Ne5 Be6 21. Rf1 Qd6 22. g4 g6 23. Rg3 f4 24. exf4 Bxf4 25. Rh3 Bxe5 26. dxe5 Rxf1+ 27. Bxf1 Qxe5 28. Re3 Qd6 29. Bg2 Rd8 30. Qd4 Bf7 31. b4 Rc8 32. a3 Rc1+ 33. Bf1 Rc2 34. Be2 Rc7 35. Bf3 Rc1+ 1/2-1/2

[Event "CAN-op"]
[Site "Victoria CAN"]
[Date "2012.07.10"]
[Round "6"]
[White "Porper, Edward"]
[Black "Awatramani, Janak"]
[Result "1-0"]
[WhiteElo "2481"]
[BlackElo "2129"]
[PlyCount "111"]
[GameId "2160767909508234"]
[EventDate "2012.07.08"]
[EventType "swiss"]
[EventRounds "9"]
[EventCountry "CAN"]

1. d4 b6 2. c4 Bb7 3. d5 e6 4. a3 Nf6 5. Nc3 Be7 6. g3 O-O 7. Bg2 Re8 8. Nh3 d6 9. O-O exd5 10. cxd5 c5 11. dxc6 Bxc6 12. Bxc6 Nxc6 13. Nf4 Qd7 14. e4 Bf8 15. f3 Rad8 16. b4 Ne5 17. Be3 Ng6 18. Qd4 Nxf4 19. Bxf4 h6 20. Rad1 Nh5 21. Bc1 g6 22. Nd5 Bg7 23. Qf2 g5 24. Bb2 Re6 25. Rc1 Nf6 26. Rc7 Qa4 27. Ne7+ Kf8 28. Nc6 Rd7 29. Rxd7 Nxd7 30. Bxg7+ Kxg7 31. Nd4 Rf6 32. Qb2 Qa6 33. b5 Qa4 34. Qb4 Nc5 35. Nf5+ Kg6 36. Ne7+ Kh7 37. Qxa4 Nxa4 38. Nc8 Re6 39. Rc1 g4 40. fxg4 Nc5 41. Nxa7 Re8 42. e5 dxe5 43. Nc6 Nb7 44. Rd1 Kg7 45. Kf2 Nc5 46. Rd5 Ne4+ 47. Kf3 Nc3 48. Rxe5 Rxe5 49. Nxe5 Nxb5 50. Nc4 Kf6 51. a4 Nd4+ 52. Ke4 Nb3 53. Nxb6 Kg5 54. h3 Kf6 55. Kd5 Kg5 56. Nc4 1-0

[Event "CAN-op"]
[Site "Victoria CAN"]
[Date "2012.07.10"]
[Round "6"]
[White "Reeve, Jeff"]
[Black "Ummel, Igor"]
[Result "1-0"]
[WhiteElo "2234"]
[BlackElo "2171"]
[PlyCount "101"]
[GameId "2160767909508235"]
[EventDate "2012.07.08"]
[EventType "swiss"]
[EventRounds "9"]
[EventCountry "CAN"]
[SourceTitle "CBM 149 Extra"]
[Source "ChessBase"]
[SourceDate "2012.08.24"]
[SourceVersion "1"]
[SourceVersionDate "2012.08.24"]
[SourceQuality "1"]

1. e4 c6 2. d4 d5 3. Nc3 dxe4 4. Nxe4 Bf5 5. Ng3 Bg6 6. Nf3 Nd7 7. h4 h6 8. h5 Bh7 9. Bd3 Bxd3 10. Qxd3 e6 11. Bd2 Ngf6 12. O-O-O Be7 13. Ne4 Nxe4 14. Qxe4 Nf6 15. Qe2 Qd5 16. c4 Qe4 17. Qxe4 Nxe4 18. Be3 Nf6 19. Ne5 O-O 20. g4 Kh7 21. Rdg1 Rad8 22. Kc2 Nd7 23. f4 Nxe5 24. dxe5 f6 25. exf6 Bxf6 26. Rd1 b6 27. b3 Be7 28. Rxd8 Bxd8 29. Kd3 Bc7 30. Ke4 c5 31. Rd1 Rf7 32. Rd2 Re7 33. g5 g6 34. hxg6+ Kxg6 35. gxh6 Kxh6 36. f5+ Kg7 37. Rg2+ Kf7 38. f6 Rd7 39. Rg7+ Ke8 40. Bg5 Rxg7 41. fxg7 Kf7 42. Bf6 a6 43. a4 a5 44. Be5 Bd8 45. Kf4 Kg8 46. Kg4 Kh7 47. Kh5 Be7 48. Bc7 Kxg7 49. Bxb6 Kf6 50. Bxa5 Bd6 51. Bb6 1-0

[Event "CAN-op"]
[Site "Victoria CAN"]
[Date "2012.07.10"]
[Round "6"]
[White "Rohonyan, Katerina"]
[Black "Erichsen, Dan"]
[Result "1-0"]
[WhiteElo "2294"]
[BlackElo "2123"]
[PlyCount "57"]
[GameId "2160767909508236"]
[EventDate "2012.07.08"]
[EventType "swiss"]
[EventRounds "9"]
[EventCountry "CAN"]
[SourceTitle "CBM 149 Extra"]
[Source "ChessBase"]
[SourceDate "2012.08.24"]
[SourceVersion "1"]
[SourceVersionDate "2012.08.24"]
[SourceQuality "1"]

1. e4 e5 2. Nf3 Nc6 3. Bc4 Nf6 4. d4 exd4 5. e5 Ne4 6. Qe2 Nc5 7. O-O Be7 8. Rd1 d5 9. Bb5 Ne6 10. c3 O-O 11. cxd4 Nb8 12. Nc3 c6 13. Bd3 Re8 14. Qc2 Nf8 15. h3 f6 16. Bf4 Be6 17. Rd2 Nbd7 18. Re1 Rc8 19. Rde2 fxe5 20. Nxe5 Nf6 21. a3 Bd6 22. Bg5 h6 23. Bh4 Qb6 24. Bxf6 gxf6 25. Ng4 Qxd4 26. Nxh6+ Kg7 27. Rxe6 Rxe6 28. Nf5+ Kf7 29. Rxe6 1-0

[Event "CAN-op"]
[Site "Victoria CAN"]
[Date "2012.07.10"]
[Round "6"]
[White "Smith, Andrew M"]
[Black "Molden, Leonard"]
[Result "0-1"]
[WhiteElo "2024"]
[BlackElo "1840"]
[PlyCount "76"]
[GameId "2160767909508237"]
[EventDate "2012.07.08"]
[EventType "swiss"]
[EventRounds "9"]
[EventCountry "CAN"]

1. e4 d6 2. d4 e5 3. Nf3 Bg4 4. dxe5 Nd7 5. exd6 Bxd6 6. Nbd2 Qe7 7. Bd3 Ne5 8. Be2 Nc6 9. Bb5 Nf6 10. Bxc6+ bxc6 11. O-O O-O 12. Re1 Nd7 13. h3 Bh5 14. Nc4 Bc5 15. Be3 Rad8 16. Bxc5 Nxc5 17. Qe2 Ne6 18. Qe3 Bxf3 19. Qxf3 Nd4 20. Qc3 Rd7 21. Na5 c5 22. Nb3 Rfd8 23. Rac1 Qg5 24. Re3 Ne6 25. Rg3 Qh6 26. Re1 Rd1 27. Rd3 R1xd3 28. cxd3 Qg5 29. Qc1 Nf4 30. g3 Nxh3+ 31. Kg2 Qh5 32. Qxc5 Ng5 33. Re3 Qh3+ 34. Kg1 Qg4 35. Qxc7 Rc8 36. Qe7 f6 37. Nc5 Nh3+ 38. Kg2 Nf4+ 0-1

[Event "CAN-op"]
[Site "Victoria CAN"]
[Date "2012.07.10"]
[Round "6"]
[White "Wu, Howard"]
[Black "Wagner, Bernd"]
[Result "1-0"]
[WhiteElo "2120"]
[BlackElo "2218"]
[PlyCount "69"]
[GameId "2160767909508238"]
[EventDate "2012.07.08"]
[EventType "swiss"]
[EventRounds "9"]
[EventCountry "CAN"]
[SourceTitle "CBM 149 Extra"]
[Source "ChessBase"]
[SourceDate "2012.08.24"]
[SourceVersion "1"]
[SourceVersionDate "2012.08.24"]
[SourceQuality "1"]

1. e4 e6 2. d4 d5 3. Nd2 Nc6 4. c3 e5 5. Bb5 exd4 6. cxd4 dxe4 7. Bxc6+ bxc6 8. Nxe4 Nf6 9. Qe2 Nxe4 10. Qxe4+ Be7 11. Qxc6+ Bd7 12. Qc2 O-O 13. Ne2 Bb4+ 14. Bd2 Qe7 15. Bxb4 Qxb4+ 16. Qc3 Qb5 17. Kd2 Rab8 18. b3 Qg5+ 19. Qe3 Qa5+ 20. Kd1 Rfe8 21. Qd2 Qd5 22. f3 Bf5 23. Nf4 Qd6 24. Rc1 Red8 25. Rc4 Bd7 26. Ne2 Bb5 27. Rc2 Qf6 28. Re1 Bxe2+ 29. Kxe2 Rxd4 30. Qc3 h6 31. Kf1 Rbd8 32. Rce2 Qb6 33. Qc2 g6 34. Qc3 Qd6 35. h3 1-0